| 000 | 00465nam a22001697a 4500 | ||
|---|---|---|---|
| 003 | OSt | ||
| 005 | 20140310182351.0 | ||
| 008 | 130930t xxu||||| |||| 00| 0 eng d | ||
| 020 | _a0689714076 | ||
| 050 |
_aPZ 7 _b.P6335To 1990 |
||
| 082 |
_aGS 823 _bP65 1981 |
||
| 100 |
_aPinkwater, Daniel Manus _922156 |
||
| 245 |
_aTooth-gnasher superflash / _cDaniel Pinkwater |
||
| 260 |
_aNew York : _b Macmillan Pub., Co., _c1981. |
||
| 942 |
_2lcc _cBK-GS |
||
| 999 |
_c12355 _d12355 |
||